Представление документа в формате RUSMARC

ПолеНазваниеЗначение
  Тип записи a
  Библиографический уровень m
001 Контрольный номер 6aae61b6a05b486fb6382e78f8232ee2
005 Дата корректировки 20140708135153.1
010 Индекс ISBN __
a ISBN 5-16-000869-1
200 Заглавие и сведения об ответственности 1_
a Заглавие Рынок ценных бумаг
f Первые сведения об ответственности Бердникова Татьяна Борисовна
210 Выходные данные 1_
a Место издания М.
c Издательство ИНФРА-М
d Дата издания 2002
215 Физическое описание __
a Объем 277 с.
225 Серия 2_
a Серия Серия"Вопрос-ответ"
300 Общие примечания __
a Общие примечания 5экз.
610 Ключевые слова 0_
a Ключевые слова рынок ценных бумаг
610 Ключевые слова 0_
a Ключевые слова биржевое дело
610 Ключевые слова 0_
a Ключевые слова инвестиционная деятельность
686 Индексы других классификаций __
a Классификационный индекс 65.9(2)26
2 Код системы rubbk
686 Индексы других классификаций __
a Классификационный индекс 65.9(2)262.2
2 Код системы rubbk
700 Автор _1
a Фамилия Бердникова Татьяна Борисовна
801 Источник записи _0
a Страна RU
b Организация РУК
c Дата составления 20021106
g Правила каталогизации PSBO
801 Источник записи _1
a Страна RU
b Организация РУК
c Дата составления 20021106
g Правила каталогизации PSBO
852 Данные о местонахождении __
i Авторский знак Б 48
j Шифр хранения ББК 65.9(2)26
901 Тип документа __
t Тип документа m
938 Служебная информация __
a Название организации Головной вуз
b Имя БД BOOK
c Название АИБС АИБС ИРБИС